| 000 | 00000nam##2200000za#4500 |
| 001 | 9.643402 |
| 003 | CaOODSP |
| 005 | 20210624224143 |
| 007 | cr ||||||||||| |
| 008 | 150407|1979||||xxc|||||o f|0| 0 fre|d |
| 040 | |aCaOODSP|bfre |
| 043 | |an-cn--- |
| 086 | 1 |aA43-1469/1979F-PDF |
| 110 | 1 |aCanada.|bAgriculture Canada. |bDirection générale de recherche. |
| 245 | 13|aLa lutte intégrée contre l'aleurode des serres / |h[ressource électronique]|c[par] R.J. McClanahan. |
| 260 | |aOttawa - Ontario : |bAgriculture Canada. |c1979. |
| 300 | |a12p.|bfigure, photographies |
| 500 | |aPublication historique numérisée par Agriculture et Agroalimentaire Canada. |
| 590 | |a14-11-Supp|b2014-05-21 |
| 691 | 07|aInsecte|2gcpds |
| 691 | 07|aOrganisme nuisible|2gcpds |
| 691 | 07|aParasite|2gcpds |
| 691 | 07|aSerre|2gcpds |
| 775 | 08|tIntegrated control of the greenhouse whitefly / |w(CaOODSP)9.699416 |
| 856 | 40|ahttp://publications.gc.ca|qPDF|s686 Ko|uhttps://publications.gc.ca/collections/collection_2014/aac-aafc/agrhist/A43-1469-1979-fra.pdf |
| 986 | |a1469 |